Word Ladder: Here's Another Cliché Quiz Stats

Quiz Updated Apr 13, 2015

Challenge
Share
Tweet
Embed
Score 0/20 Timer 02:00
0 Plays Today
Cliché 4-Letter Word % Correct
A chain is only as strong as its weakest ____LINK
97.4%
Where there's smoke, there's ____FIRE
97%
Read the ____ printFINE
96.7%
The best things in ____ are freeLIFE
96.1%
Rotten to the ____CORE
96.1%
There's no place ____ homeLIKE
95.7%
Draw a ____ in the sandLINE
95.5%
Does it look like I ____CARE
95.4%
____ your teeth into itSINK
94.8%
I double ____ youDARE
94.1%
Cliché 4-Letter Word % Correct
He'll ____ like a canarySING
93.2%
In ____ straitsDIRE
92.2%
Go jump in a ____LAKE
91.6%
Why close the ____ door after the cow is out?BARN
90.5%
I wasn't ____ yesterdayBORN
90.1%
To ____ a long story short MAKE
89.4%
Can of ____CORN
85.7%
Your money or your ____WIFE
78.9%
On a ____ and a prayerWING
78.1%
____, women, and songWINE
74.8%

Today's Daily Dose

Missing Word
Fruity Song Titles

Quick Pick
Double Blanks

On This Day
June 22nd II

You're not logged in!

Compare scores with friends on all Sporcle quizzes.
Join for Free
OR
Log In

You Might Also Like...

Show Comments

Extras

Top Quizzes Today


Score Distribution

Your Account Isn't Verified!

In order to create a playlist on Sporcle, you need to verify the email address you used during registration. Go to your Sporcle Settings to finish the process.

Report this User

Report this user for behavior that violates our Community Guidelines.

Details: